000 01958cam a22004214i 4500
003 PE-LiUPU
005 20250731173139.0
008 150623s1996 mdu r 000 0 eng d
035 _a(Sirsi) a27291
040 _aPE-LiUPU
_bspa
_cPE-LiUPU
_erda
049 _aPRUA
082 0 4 _a228
_bN14
_221
100 1 _aNaden, Roy C.,
_eautor.
245 1 4 _aThe lamb among the beasts :
_ba christological commentary on the revelation of John that unlocks the meaning of its many numbers /
_cRoy C. Naden.
264 1 _aHagerstown, MD :
_bReview and Herald Publishing Association,
_c1996.
300 _a300 páginas ;
_c22 centímetros
336 _atext
_2rdacontent
337 _aunmediated
_2rdamedia
338 _avolume
_2rdacarrier
505 0 _aThe lion - lamb paradox -- Keys for the doors -- See Jesus -- Visitimg three churches -- Visiting three churches -- Visiting another four churches -- Heaven's throne room -- Removing the seals -- Absolutely secure -- Trumpet fanfares -- Sweet as honey -- Witnessing for Jesus -- The war has been won -- The great masquerade -- Harvesttime -- Pouring out the plagues -- Fall of the harlot -- A tale of four cities -- Wedding bells and death knells -- Ending the controversy -- Home at last.
526 _aSEG42
526 _aSEG41
526 _aSEG40
526 _aSEG39
526 _aP94
526 _aP87
526 _aP86
526 _aP85
526 _aP77
526 _aP76
526 _aP35
630 _aBiblia.
_pN.T.
_pApocalipsis
_xComentarios.
942 _2ddc
_cBOOK
949 _a228 N14
_wDEWEY
_c1
_i52587
_lCCODEBUL1
_mBUL
_p8.00
_r0
_sY
_tBOOK
_u2015-06-24
_xTEOLOGIA
_PP35
_0COMPRA
_o.STAFF. Colección General
596 _a1
999 _a228 N14
_wDEWEY
_c34415
_i52587
_d34415
_e2019-4-10
_f2021-11-9
_g5
_lCCODEBUL1
_mBUL
_n3
_p8.00
_r0
_sY
_tBOOK
_u2015-6-24
_xTEOLOGIA
_PP35
_0COMPRA
_o.STAFF. Colección Teología
980 _81
_gALBERTO SANCHEZ Responsable de Automatización